MARC details
| 000 -CABECERA |
| campo de control de longitud fija |
02117nam a2200229 a 4500 |
| 001 - NÚMERO DE CONTROL |
| campo de control |
000048527 |
| 005 - FECHA Y HORA DE LA ÚLTIMA TRANSACCIÓN |
| campo de control |
20201002061223.0 |
| 008 - DATOS DE LONGITUD FIJA--INFORMACIÓN GENERAL |
| campo de control de longitud fija |
190328s2015 dr a 000 j spa d |
| 040 ## - FUENTE DE LA CATALOGACIÓN |
| Centro catalogador/agencia de origen |
DO-SdBNP |
| Lengua de catalogación |
spa |
| Centro/agencia transcriptor |
BNPHU |
| 082 ## - NÚMERO DE LA CLASIFICACIÓN DECIMAL DEWEY |
| Número de clasificación |
xxxx |
| Número de documento/Ítem |
N285t |
| 245 00 - MENCIÓN DE TÍTULO |
| Título |
Naturaleza es transformación : |
| Resto del título |
cuentos del concurso literario infantil - juvenil 2014 -2015 / |
| Mención de responsabilidad, etc. |
Camile Olivero, Domingo Guzmán, Lala Del Tejo e Ivanna Candeliere, ilustradores. |
| 250 ## - MENCIÓN DE EDICIÓN |
| Mención de edición |
4ta ed. |
| 260 ## - PUBLICACIÓN, DISTRIBUCIÓN, ETC. |
| Lugar de publicación, distribución, etc. |
Santo Domingo : |
| Nombre del editor, distribuidor, etc. |
Fundación Propagas, |
| Fecha de publicación, distribución, etc. |
2015. |
| 300 ## - DESCRIPCIÓN FÍSICA |
| Extensión |
94 p. : |
| Otras características físicas |
il. ; |
| Dimensiones |
25 cm. |
| 500 ## - NOTA GENERAL |
| Nota general |
Tres primeros lugares y una mención honorífica son los textos gandores de la 4ta edición del concurso de cuentos de la Fundación Propagas (Letra natural). Se incluyen las obras de las menciones recibidas. |
| 505 0# - NOTA DE CONTENIDO CON FORMATO |
| Nota de contenido con formato |
Primer lugar -- |
| Título |
El diario de Star -- |
| Mención de responsabilidad |
Vera Lucia Tolari Ramírez -- |
| Título |
Segundo lugar |
| -- |
El desierto, la oruga y el bosque -- |
| Mención de responsabilidad |
Larianna Pineda Cabrera |
| Título |
tercer lugar |
| -- |
Orión -- |
| Mención de responsabilidad |
Alejandra Cairo Toribio |
| Título |
Mención honorifica especial : Mariposa transparente -- |
| Mención de responsabilidad |
María Isabel Santana Serulle |
| Título |
Menciones honorificas -- |
| -- |
La gran historia de una pequeña rana -- |
| Mención de responsabilidad |
Carlos Gabriel Tejeda Herasme |
| Título |
En búsqueda de una mascota -- |
| Mención de responsabilidad |
Isabel Cerda Cáceres |
| Título |
La trasformación entre dos amigos -- |
| Mención de responsabilidad |
Manuel de Jesús Díaz de León |
| Título |
El maco vaca del hermaso croar -- |
| Mención de responsabilidad |
Mario Oswaldo Camilo Lizardo |
| Título |
En defensa de las mariposas -- |
| Mención de responsabilidad |
Monserrate Ayala Cabral |
| Título |
La monarca perdida -- |
| Mención de responsabilidad |
Tatiana Isabella Jiménez Bienen |
| Título |
De niña, descubrí a la rana y a la mariposa -- |
| Mención de responsabilidad |
Alsy Virginia Vásquez Yere |
| Título |
Mi vida, en una aventura -- |
| Mención de responsabilidad |
Victoria Stepanyan |
| Título |
Volar alto -- |
| -- |
María Fernanda Santana Prince |
| -- |
Una misión de vida o muerte -- |
| -- |
Génesis Franchesca Espinosa Lara |
| -- |
Crístaly, por siempre -- |
| Mención de responsabilidad |
Vida María Maríñez Brito |
| Título |
Las mariposas también viven -- |
| Mención de responsabilidad |
Laura Marie Cepeda Ortega |
| Título |
Las aventuras de María, la oruga -- |
| Mención de responsabilidad |
Miranda Sanz Domínguez |
| 590 ## - NOTA LOCAL (RLIN) |
| Nota local |
Inventariado, 2019/LP |
| 700 1# - PUNTO DE ACCESO ADICIONAL--NOMBRE DE PERSONA |
| Nombre de persona |
Olivero, Camile, |
| Término indicativo de función/relación |
il. |
| 9 (RLIN) |
75970 |
| 700 1# - PUNTO DE ACCESO ADICIONAL--NOMBRE DE PERSONA |
| Nombre de persona |
Guzmán, Domingo, |
| Término indicativo de función/relación |
il. |
| 9 (RLIN) |
71128 |
| 700 1# - PUNTO DE ACCESO ADICIONAL--NOMBRE DE PERSONA |
| Nombre de persona |
Tejo, Lala Del, |
| Término indicativo de función/relación |
il. |
| 9 (RLIN) |
75971 |
| 700 1# - PUNTO DE ACCESO ADICIONAL--NOMBRE DE PERSONA |
| Nombre de persona |
Candeliere, Ivanna, |
| Término indicativo de función/relación |
il. |
| 9 (RLIN) |
75972 |